Reflexiones acerca de la diferencia en el campo de la antopología /

Salvato in:
Dettagli Bibliografici
Autore principale: Pedroni, Guillermo
Natura: testo
Tags: Aggiungi Tag
Nessun Tag, puoi essere il primo ad aggiungerne!!

MARC

LEADER 00000 a a2200000 04500
001 45375
003
040
090 |a REV0780 (7)1979  
100 |a Pedroni, Guillermo  
245 |a Reflexiones acerca de la diferencia en el campo de la antopología /  |c Guillermo Pedroni  
773 |g número7, II Epoca, (enero - junio, 1979), páginas 61-69  
999 |c 36808  |d 36808